Statistics for NBA Legends

Click here to take the quiz!

General Stats

  • This quiz has been taken 779 times
  • The average score is 11 of 15

Answer Stats

HintAnswer% Correct
23 BullsMichael Jordan
94%
33 CelticsLarry Bird
93%
31 PacersReggie Miller
89%
32 LakersMagic Johnson
88%
33 BullsScottie Pippen
87%
32 JazzKarl Malone
83%
33 KnicksPatrick Ewing
79%
90 BullsDennis Rodman
78%
21 HawksDominique Wilkins
72%
11 PistonsIsiah Thomas
72%
6 76ersJulius Erving
72%
13 WarriorsWilt Chamberlain
67%
32 CelticsKevin Mchale
61%
00 CelticsRobert Parish
53%
3 KnicksJohn Starks
31%

Score Distribution

Percentile by Number Answered

Percent of People with Each Score

Your Score History

You have not taken this quiz